000 00476nam a22001937a 4500
003 MPLRDC
005 20220104124406.0
008 210129b ||||| |||| 00| 0 eng d
020 _a967-985-580-5
082 _a083.6 SQXL v.3
100 _a阿浓
245 _a开心家庭启示录
_c
250 _a初版
260 _a
_b香港突破出版社
_c1997
300 _b
490 _a生趣系列. 3
650 _a现代丛书--通俗用
942 _cBK
_o083.6 SQXL v.3
999 _c18966
_d18956